La verdad y otros enigmas

Gespeichert in:
Bibliographische Detailangaben
1. Verfasser: Dummett, Michel (VerfasserIn)
Format: Buch
Sprache:Spanisch
Veröffentlicht: Ciudad de México Fondo de Cultura Económica 1990
Ausgabe:1a. ed
Schriftenreihe:Sección de Obras de Filosofía
Schlagworte:
Tags: Tag hinzufügen
Keine Tags, Fügen Sie den ersten Tag hinzu!

MARC

LEADER 00000nam a2200000 a 4500
001 UCK3940
003 CL-VaPUC
008 050513e19900000MX |||||||||||||||||spa|d
020 |a 9681634177 
082 0 4 |a 121  |b DUM  |2 21 
100 0 |a Dummett, Michel  |e author  |9 492325 
245 1 3 |a La verdad y otros enigmas 
250 |a 1a. ed 
300 |a 570 p 
942 |c BK 
945 |d 20050513 00:00:00  |a jcarroza 
260 |a Ciudad de México  |b Fondo de Cultura Económica  |c 1990 
650 0 |a Verdad  |9 313815 
650 0 |a Lógica  |9 256849 
650 0 |a Filosofía moderna  |9 258121 
583 |a last modification  |c 20050513 00:00:00  |k Rodrigo Vera 
490 0 |a Sección de Obras de Filosofía 
999 |c 312985  |d 312983 
952 |0 0  |1 0  |4 0  |6 121_000000000000000_DUM_1990  |7 0  |8 A  |9 384002  |a BIBEDU  |b BIBEDU  |c ES_NOD  |d 2019-11-22  |i 4117654  |o 121 DUM 1990  |p 4117654  |r 2023-08-09  |w 2019-11-22  |y BK  |k PSI